|
|
|
|
| LEADER |
02128nam a2200457 i 4500 |
| 001 |
EBC3045864 |
| 003 |
MiAaPQ |
| 005 |
20200520144314.0 |
| 006 |
m o d | |
| 007 |
cr cnu|||||||| |
| 008 |
150915t20002000gw ob 001 0 ger d |
| 020 |
|
|
|z 9783486564808
|
| 020 |
|
|
|a 9783486718324 (e-book)
|
| 035 |
|
|
|a (MiAaPQ)EBC3045864
|
| 035 |
|
|
|a (Au-PeEL)EBL3045864
|
| 035 |
|
|
|a (CaPaEBR)ebr10874767
|
| 035 |
|
|
|a (OCoLC)927460134
|
| 040 |
|
|
|a MiAaPQ
|b eng
|e rda
|e pn
|c MiAaPQ
|d MiAaPQ
|
| 043 |
|
|
|a e-gw---
|a e-gx---
|
| 050 |
|
4 |
|a DD259.5
|b .A384 2000
|
| 082 |
0 |
|
|a 327.43009045
|2 23
|
| 245 |
0 |
0 |
|a Akten zur Auswartigen Politik der Bundesrepublik Deutschland 1952 :
|b 1. Januar bis 31. Dezember 1952 /
|c wissenschaftlicher leiter Rainer A. Blasius ; bearbeiter Martin Koopmann und Joachim Wintzer ; umschlaggestaltung Dieter Vollendorf.
|
| 264 |
|
1 |
|a Munich, [Germany] :
|b R. Oldenbourg Verlag,
|c 2000.
|
| 264 |
|
4 |
|c 2000
|
| 300 |
|
|
|a 1 online resource (900 pages)
|
| 336 |
|
|
|a text
|2 rdacontent
|
| 337 |
|
|
|a computer
|2 rdamedia
|
| 338 |
|
|
|a online resource
|2 rdacarrier
|
| 504 |
|
|
|a Includes bibliographical references and indexes.
|
| 588 |
|
|
|a Description based on online resource; title from PDF title page (ebrary, viewed September 15, 2015).
|
| 590 |
|
|
|a Electronic reproduction. Ann Arbor, MI : ProQuest, 2015. Available via World Wide Web. Access may be limited to ProQuest affiliated libraries.
|
| 651 |
|
0 |
|a Germany (West)
|x Foreign relations
|v Sources.
|
| 651 |
|
0 |
|a Germany
|x Foreign relations
|y 1945-
|v Sources.
|
| 655 |
|
4 |
|a Electronic books.
|
| 700 |
1 |
|
|a Blasius, Rainer A.,
|e editor.
|
| 700 |
1 |
|
|a Koopmann, Martin,
|e arranger of music.
|
| 700 |
1 |
|
|a Wintzer, Joachim,
|e arranger of music.
|
| 700 |
1 |
|
|a Vollendorf, Dieter,
|e cover designer.
|
| 776 |
0 |
8 |
|i Print version:
|t Akten zur Auswartigen Politik der Bundesrepublik Deutschland 1952 : 1. Januar bis 31. Dezember 1952.
|d Munich, [Germany] : R. Oldenbourg Verlag, c2000
|h lviii, 842 pages
|z 9783486564808
|
| 797 |
2 |
|
|a ProQuest (Firm)
|
| 856 |
4 |
0 |
|u https://ebookcentral.proquest.com/lib/matrademy/detail.action?docID=3045864
|z Click to View
|